000 00615nam a2200193 a 4500
001 71608
003 BD-RjUL
005 20211209082132.0
008 170506r19971996nyua b 000 0 eng d
035 _a(BD-RjUL)71824
040 _aDLC
_cDLC
_dDLC
_dBD-RjUL
_beng
041 1 _aengger
082 0 0 _a370.952
_223
_bOUT 1996
245 1 0 _aOutline of education in Japan 1997 /
_cMinistry of Education, Science, Sports and Culture
260 _aTokyo :
_bAsia/Pacific Cultural Centre for UNESCO,
_cc1996
300 _aVarious paginations :
_bill. ;
_c24 cm.
650 _aEducation
_zJapan
_9211891
942 _2ddc
_cBK
999 _c71608
_d71608